000 00788nam a2200229 a 4500
001 42219
003 BD-RjUL
005 20211209053517.0
008 160611s1936 enk 001 0 eng d
035 _a(BD-RjUL)
040 _aIBA
_cIBA
_dBD-RjUL
_beng
041 _aeng
082 _a327
_bDOC 1937
_223
245 1 0 _aDocuments on International Affairs 1935 /
_cEdited by, John W.Wheeler-Bennett and Stephen Heald
260 _aLondon :
_bOxford University Press,
_c1936-1937
300 _a V ;
_c22 cm.
505 _a V. 1. -- Edited by, John W.Wheeler-Bennett and Stephen Heald V. 2.--Edited by, Stephen Heald
650 0 _aInternational relations
_983021
700 _aWheeler-Bennett John W. Edited by
_9129731
700 _aHeald, Stephen Edited by
_9129843
942 _2ddc
_cBK
999 _c42219
_d42219